00335nam a2200133Ia 4500008004100000041000800041082001500049100001500064245004600079260003700125300000800162365001600170700001500186230718s9999 xx 000 0 und d aeng a005.8bPAT aPatel D.R. aInformation SecuritybTheory And Practice bPrentice Hall Of India Pvt. Ltd. a298 cRs.b295.00 aPatel D.R.